Čislennoje modelirovanije v mechanike splošnych sred

Enregistré dans:
Détails bibliographiques
Auteur principal: Belocerkovskij, Oleg Michajlovič
Format: Livre
Langue:russe
Publié: Moskva Nauka 1984
Tags: Ajouter un tag
Pas de tags, Soyez le premier à ajouter un tag!

MARC

LEADER 00000nam a2200000 4500
001 c105762
005 20041019155135.4
041 0 |a rus 
044 |a RU 
245 1 0 |a Čislennoje modelirovanije v mechanike splošnych sred  |c Oleg Michajlovič Belocerkovskij 
264 1 |a Moskva  |b Nauka  |c 1984 
300 |a 518 s. 
100 1 |a Belocerkovskij, Oleg Michajlovič